Better - Khalid - All Lyrics - Statistics

General Stats
  • This quiz has been taken 24 times
  • The average score is 244 of 369
Answer Stats
Answer % Correct
I
100%
(I
100%
you
95%
You
95%
(You
95%
ayy
90%
Better
90%
better
90%
better,
90%
(Better
90%
No
90%
(No
90%
no
90%
not
90%
not,
90%
Nothing,
90%
Nothing
90%
oh
90%
oh,
90%
Ooh,
90%
yeah
90%
yeah,
90%
feels
86%
just
86%
like
81%
Like
81%
than
81%
this
81%
this)
81%
this,
81%
to
81%
when
81%
in
76%
In
76%
we
76%
We
76%
around
71%
around)
71%
but
71%
friends
71%
me
71%
my
71%
say
71%
swear
71%
the
71%
your
71%
Your
71%
are
67%
are)
67%
I'm
67%
(I'm
67%
is...
67%
is
67%
Love
67%
(Love
67%
nobody's
67%
see
67%
we're
67%
it
62%
night
62%
night,
62%
up
62%
do,
57%
got
57%
neck,
57%
on
57%
shine
57%
don't
52%
hand
52%
hide,
52%
know
52%
so
52%
So
52%
what
52%
All
48%
all
48%
dark
48%
dark)
48%
diamond
48%
feeling
48%
gotta
48%
right,
48%
right
48%
that
48%
that,
48%
down
43%
hit
43%
it's
43%
left,
43%
now?
43%
now?)
43%
Now,
43%
now,
43%
talking
43%
back
38%
back,
38%
bored
38%
bored)
38%
'Cause
38%
connect,
38%
get
38%
hear
38%
hold
38%
keep
38%
one's
38%
Take
38%
you're
38%
about
33%
am
33%
been
33%
feet
33%
felt
33%
God,
33%
God
33%
ground
33%
ground)
33%
high
33%
lift
33%
other
33%
side,
33%
side
33%
street
33%
admit
29%
alright,
29%
and
29%
I'll
29%
live
29%
need
29%
against
24%
drunk,
24%
ears
24%
good
24%
meet
24%
never
24%
wall,
24%
yours
24%
you've
24%
bring
19%
fucked
14%
really
14%
sober
14%
baby
10%
No matching quizzes found
Score Distribution
Percent of People with Each Score
Percentile by Number Answered
Your Score History
You have not taken this quiz